<?xml version="1.0" encoding="UTF-8"?><?xml-stylesheet type="text/xsl" href="static/style.xsl"?><OAI-PMH xmlns="http://www.openarchives.org/OAI/2.0/" xmlns:xsi="http://www.w3.org/2001/XMLSchema-instance" xsi:schemaLocation="http://www.openarchives.org/OAI/2.0/ http://www.openarchives.org/OAI/2.0/OAI-PMH.xsd"><responseDate>2026-04-13T01:11:50Z</responseDate><request verb="GetRecord" identifier="oai:www.recercat.cat:2117/103050" metadataPrefix="marc">https://recercat.cat/oai/request</request><GetRecord><record><header><identifier>oai:recercat.cat:2117/103050</identifier><datestamp>2025-07-22T18:23:15Z</datestamp><setSpec>com_2072_1033</setSpec><setSpec>col_2072_452951</setSpec></header><metadata><record xmlns="http://www.loc.gov/MARC21/slim" xmlns:dcterms="http://purl.org/dc/terms/" xmlns:xsi="http://www.w3.org/2001/XMLSchema-instance" xmlns:doc="http://www.lyncode.com/xoai" xsi:schemaLocation="http://www.loc.gov/MARC21/slim http://www.loc.gov/standards/marcxml/schema/MARC21slim.xsd">
   <leader>00925njm 22002777a 4500</leader>
   <datafield ind2=" " ind1=" " tag="042">
      <subfield code="a">dc</subfield>
   </datafield>
   <datafield ind2=" " ind1=" " tag="720">
      <subfield code="a">Rastrojo Alvarez, Mercedes</subfield>
      <subfield code="e">author</subfield>
   </datafield>
   <datafield ind2=" " ind1=" " tag="260">
      <subfield code="c">2016-09</subfield>
   </datafield>
   <datafield ind2=" " ind1=" " tag="520">
      <subfield code="a">Este proyecto consiste en la descripción, cálculo y diseño de la instalación térmica y de&#xd;
ventilación del Ayuntamiento de Centelles cumpliendo con todos los requisitos legales de &#xd;
rendimiento energético y de confort de las personas.&#xd;
&#xd;
El edificio consta de tres plantas de unos 3 m de altura cada una y con una superficie total de &#xd;
unos 900 m2 aproximadamente con seis orientaciones que son norte, noroeste, oeste, suroeste, &#xd;
sureste y noreste.&#xd;
&#xd;
Para la elección de los equipos necesarios se calculan las cargas térmicas del Ayuntamiento en &#xd;
función de las características higrotérmicas de la zona climática donde está situado, su calidad &#xd;
del aire, las características de ventilación que requiere el edificio, los cerramientos, la &#xd;
ocupación y su grado de actividad en el interior.&#xd;
&#xd;
Conociendo todas las características de la instalación se elige un equipo de calefacción- &#xd;
refrigeración mediante un sistema de caudal variable de gas refrigerante (VRF), que nos ofrece &#xd;
seguridad, fiabilidad, comodidad interior, versatilidad y una instalación sencilla con durabilidad &#xd;
garantizada y sobre todo un importante ahorro energético.&#xd;
&#xd;
Se ha elegido el sistema de la marca Fujitsu Airstage serie V-II selección ahorro espacio para las &#xd;
tres unidades exteriores (una para cada planta) y para las unidades interiores 29 cassettes de &#xd;
diferentes potencias. Cada una de las unidades exteriores ofrece 45 kW, 40 kW y 50,4 kW de potencia &#xd;
en frio para cubrir la demanda de refrigeración total de 106,03 kW. En cambio para cubrir la &#xd;
demanda de calefacción total de 95,91 kW cada una ofrece 50 kW, 45 kW y 56,5 kW de potencia en &#xd;
calor. Se controla mediante un sistema electrónico que controla la secuencia de funcionamiento de &#xd;
los generadores de calor/frio en función del aumento o disminución de la demanda energética. El &#xd;
sistema utilizado es un control remoto central que controla las 29 unidades individuales y 29 &#xd;
controladores locales por cable.&#xd;
&#xd;
La instalación cuenta con un sistema de ventilación independiente con recuperación de calor para &#xd;
pre acondicionar el aire que se aporta a las estancias mediante conductos de impulsión, con el aire &#xd;
extraído por los conductos de retorno durante el proceso de renovación del aire de los espacios &#xd;
interiores, mejorando así el rendimiento energético. Se instala un recuperador de calor en cada &#xd;
planta de la marca Daikin que trata los caudales de 1710 m3/h, 1575 m3/h y 1800 m3/h.&#xd;
&#xd;
El presupuesto de la instalación de calefacción-climatización y ventilación del edificio del&#xd;
Ayuntamiento de Centelles es de 425.850,92 €.</subfield>
   </datafield>
   <datafield tag="653" ind2=" " ind1=" ">
      <subfield code="a">Àrees temàtiques de la UPC::Edificació::Instal·lacions i acondicionament d'edificis::Instal·lacions de climatització</subfield>
   </datafield>
   <datafield tag="653" ind2=" " ind1=" ">
      <subfield code="a">Air conditioning -- Equipment and supplies</subfield>
   </datafield>
   <datafield tag="653" ind2=" " ind1=" ">
      <subfield code="a">Heating -- Equipment and supplies</subfield>
   </datafield>
   <datafield tag="653" ind2=" " ind1=" ">
      <subfield code="a">Buildings -- Heating and ventilation</subfield>
   </datafield>
   <datafield tag="653" ind2=" " ind1=" ">
      <subfield code="a">Buildings -- Air conditioning</subfield>
   </datafield>
   <datafield tag="653" ind2=" " ind1=" ">
      <subfield code="a">Aire condicionat -- Aparells i accessoris</subfield>
   </datafield>
   <datafield tag="653" ind2=" " ind1=" ">
      <subfield code="a">Calefacció -- Aparells i accessoris</subfield>
   </datafield>
   <datafield tag="653" ind2=" " ind1=" ">
      <subfield code="a">Centelles (Catalunya). Ajuntament -- Heating and ventilation</subfield>
   </datafield>
   <datafield tag="653" ind2=" " ind1=" ">
      <subfield code="a">Centelles (Catalunya). Ajuntament -- Aire condicionat</subfield>
   </datafield>
   <datafield ind2="0" ind1="0" tag="245">
      <subfield code="a">Climatización del Ayuntamiento de Centelles</subfield>
   </datafield>
</record></metadata></record></GetRecord></OAI-PMH>